<?xml version="1.0" encoding="UTF-8"?>
<collection xmlns="http://www.loc.gov/MARC21/slim">
 <record>
  <leader>00798pamaa2200217   4500</leader>
  <controlfield tag="001">0000046846</controlfield>
  <controlfield tag="005">20100312090000.0</controlfield>
  <controlfield tag="008">100312                             eng  </controlfield>
  <datafield tag="020" ind1="0" ind2="0">
   <subfield code="a">9780205662890 </subfield>
  </datafield>
  <datafield tag="082" ind1=" " ind2=" ">
   <subfield code="a">320.473 EDW 2009</subfield>
  </datafield>
  <datafield tag="090" ind1="0" ind2="0">
   <subfield code="a">JK271 </subfield>
   <subfield code="b">EDW 2009</subfield>
  </datafield>
  <datafield tag="100" ind1="1" ind2="0">
   <subfield code="a">Edwards </subfield>
  </datafield>
  <datafield tag="245" ind1="1" ind2="0">
   <subfield code="a">Government in America : </subfield>
   <subfield code="b">people, politics, and policy  </subfield>
   <subfield code="c">George C. Edwards, Martin P. Wattenberg and Robert L. Lineberry.</subfield>
  </datafield>
  <datafield tag="250" ind1="0" ind2="0">
   <subfield code="a">14th ed.</subfield>
  </datafield>
  <datafield tag="260" ind1="0" ind2="0">
   <subfield code="a">New York: </subfield>
   <subfield code="b">Longman, </subfield>
   <subfield code="c">2009.</subfield>
  </datafield>
  <datafield tag="300" ind1=" " ind2=" ">
   <subfield code="a">xxix, 801p.: </subfield>
   <subfield code="b">ill. (chiefly col.), maps (chiefly col.); </subfield>
   <subfield code="c">29cm.</subfield>
  </datafield>
  <datafield tag="504" ind1="0" ind2="0">
   <subfield code="a">Includes bibliographical references (p. 746-770) and index</subfield>
  </datafield>
  <datafield tag="651" ind1="0" ind2="0">
   <subfield code="a">United States -- </subfield>
   <subfield code="x">Politics and government </subfield>
  </datafield>
  <datafield tag="700" ind1="1" ind2="1">
   <subfield code="a">Lineberry, </subfield>
   <subfield code="h">Robert L. </subfield>
  </datafield>
  <datafield tag="700" ind1="1" ind2="1">
   <subfield code="a">Wattenberg, </subfield>
   <subfield code="h">Martin P. </subfield>
  </datafield>
  <datafield tag="901" ind1=" " ind2=" ">
   <subfield code="u">http://www.longman.com</subfield>
  </datafield>
 </record>
</collection>
